000 00884cam a2200229 i 4500
005 20251207104311.0
008 250721r2000 ue gr 000 0 ara d
020 _a977294166
082 1 4 _a214.5
_bع ب د
100 1 _aعبدالعاطي، أحمد عبدالعاطي
_eمؤلف.
245 1 2 _aالموت حقيقة منسية : رحلة البداية من ضيق الدنيا إلى سعةالآخرة /
_cتالبف احمد عبدالعاطي احمد عبدالعاطي.
250 _aالطبعة الاولى.
264 3 1 _aالقاهرة :
_bمركز الكتاب للنشر،
_c2000.
300 _a167صفحة.
650 1 7 _aالحياة الآخرة.
650 1 7 _aالوفاة.
650 1 7 _aالموت.
650 1 7 _aالعقيدة الدينية.
700 1 _aعوض، احمد عبده
_eمراجع.
942 _2ddc
_cBK
999 _c79902
_d79902